Comprehension and Collaboration: (Record no. 13901)

000 -LEADER
fixed length control field 00744nam a22002177a 4500
008 - FIXED-LENGTH DATA ELEMENTS--GENERAL INFORMATION
fixed length control field 160921b xxu||||| |||| 00| 0 eng d
020 ## - INTERNATIONAL STANDARD BOOK NUMBER
International Standard Book Number 139780325012308
020 ## - INTERNATIONAL STANDARD BOOK NUMBER
International Standard Book Number 10032501230
050 ## - LIBRARY OF CONGRESS CALL NUMBER
Classification number LB 1027.23 .H37 2009
100 ## - MAIN ENTRY--PERSONAL NAME
Personal name Harvey, Stephanie
245 ## - TITLE STATEMENT
Title Comprehension and Collaboration:
Remainder of title Inquiry circles in action
Statement of responsibility, etc. Stephanie Harvey and Harvey Daniels
260 ## - PUBLICATION, DISTRIBUTION, ETC. (IMPRINT)
Place of publication, distribution, etc. Portsmouth NH :
Name of publisher, distributor, etc. Heinemann
Date of publication, distribution, etc. 2009
300 ## - PHYSICAL DESCRIPTION
Extent xiv, 322p. :
Other physical details ill. ;
Dimensions 20cm
500 ## - GENERAL NOTE
General note Includes references and index
650 ## - SUBJECT ADDED ENTRY--TOPICAL TERM
Topical term or geographic name as entry element Inquiry-based learning
650 ## - SUBJECT ADDED ENTRY--TOPICAL TERM
Topical term or geographic name as entry element Active learning
650 ## - SUBJECT ADDED ENTRY--TOPICAL TERM
Topical term or geographic name as entry element Group work in education
650 ## - SUBJECT ADDED ENTRY--TOPICAL TERM
Topical term or geographic name as entry element Motivation in education
700 ## - ADDED ENTRY--PERSONAL NAME
Personal name Daniels, Harvey
942 ## - ADDED ENTRY ELEMENTS (KOHA)
Source of classification or shelving scheme
Koha item type Hard Covered Materials
Classification part LB 1027.23 .H37 2009
Holdings
Withdrawn status Lost status Source of classification or shelving scheme Damaged status Not for loan Home library Current library Shelving location Date acquired Source of acquisition Total Checkouts Full call number Barcode Date last seen Price effective from Koha item type
          MACHAKOS UNIVERSITY LIBRARY MACHAKOS UNIVERSITY LIBRARY Open shelf 21/09/2016 Donation (BFA)   LB 1027.23 .H37 2009 22150 21/09/2016 21/09/2016 Hard Covered Materials
© Machakos University Library, Along The Highway, Machakos Wote Rd, Machakos, Kenya P.O. Box 136 - 90100 Machakos - Kenya

Tel: ( +254 ) 723 805829 OR Fax : 044-20353 OR Email: library@mksu.ac.ke